Cuentos que cuentan los tobas /

Guardado en:
Autor Principal: Palermo, Miguel Ángel.
Otros Autores: Torres, Elena; il.
Formato: Libro
Idioma:Undetermined
Publicado: Buenos Aires : Ediciones culturales argentinas, 1993.
Series:Cuentos de mi país
Materias:
Etiquetas: Agregar Etiqueta
Sin Etiquetas, Sea el primero en etiquetar este registro!
LEADER 00599nam a22001815a 4500
001 CEM.cems021276
008 240704s1993####ag############000#0#und#d
005 20240705144752.0
245 1 0 |a Cuentos que cuentan los tobas /  |c Miguel Ángel Palermo ; ilustrado por Elena Torres. 
260 |a Buenos Aires :  |b Ediciones culturales argentinas,  |c 1993. 
490 1 |a Cuentos de mi país 
020 |a 9503601118 
100 1 |a Palermo, Miguel Ángel. 
700 1 |a Torres, Elena; il. 
653 |a Mitos 
653 |a Leyendas 
653 |a Tobas 
859 |a CEMS  |b BIB. CEMS - Inicial y Primaria  |h 398.2  |i P174-5  |k IP  |p 2225  |t Ej.1